Gender and education for all the leap to equality

Na minha lista:
Detalhes bibliográficos
Autor Corporativo: UNESCO
Formato: Livro
Idioma:Undetermined
Publicado em: New York The United Nations Educational 2003
Assuntos:
Tags: Adicionar Tag
Sem tags, seja o primeiro a adicionar uma tag!
Thư viện lưu trữ: Trung tâm Học liệu Trường Đại học Cần Thơ
LEADER 00521nam a2200181Ia 4500
001 CTU_69347
008 210402s9999 xx 000 0 und d
082 |a 613.9 
082 |b U54 
110 |a UNESCO 
245 0 |a Gender and education for all the leap to equality 
245 0 |c UNESCO 
260 |a New York 
260 |b The United Nations Educational 
260 |c 2003 
650 |a Sex instruction,Health education 
904 |i Trúc Phương, Năm 
980 |a Trung tâm Học liệu Trường Đại học Cần Thơ